Mort subite : Chansons d'AC/DC (difficile) - Statistiques

Statistiques générales
  • Ce quiz a été pris 213 fois
  • Le résultat moyen est 4 sur 14
Answers on the Grid
Answers color-coded by a green-red scale on the quiz's grid according to % correct below.
It's a Long Way to the Top (If You Wanna Rock 'N' Roll)
We Will Rock You
Rock And Roll All Nite
I Wanna Rock
Hard as a Rock
Rock the Night
Can't Stop Rock 'n' Roll
Rock With You
Rock or Bust
Rock You Like a Hurricane
Whiskey on the Rocks
Rock That Body
Got Some Rock & Roll Thunder
Rock and Roll Ain't Noise Pollution
I Love Rock 'n' Roll
Let there be rock
That's the Way I Wanna Rock 'n' Roll
R.I.P. (Rock in Peace)
Rock the Blues Away
Rocking All the Way
Detroit Rock City
Rock 'n' Roll Dream
Seeing Double at the Triple Rock
Rocker
She Likes Rock n Roll
Rock 'n' Roll Damnation
Rock DJ
Rock 'n' Roll Train
Rock Rock (Till You Drop)
Rock the House
There's Gonna Be Some Rockin'
Rock Your Heart Out
Jailhouse Rock
Rockin' in the Parlour
There's Only One Way To Rock
Rock 'n' Roll Singer
 
Statistiques - réponses
Réponse % Correct
We Will Rock You
79%
Rock And Roll All Nite
62%
I Wanna Rock
60%
Rock You Like a Hurricane
36%
Rock the Night
33%
Rock With You
31%
I Love Rock 'n' Roll
25%
Jailhouse Rock
22%
Rock That Body
21%
Detroit Rock City
13%
Rock DJ
12%
Seeing Double at the Triple Rock
9%
Rock Rock (Till You Drop)
8%
There's Only One Way To Rock
4%
Aucun quiz correspondant
Distribution des résultats
% des personnes avec chaque résultat
Percentile par nombre de réponses
Votre historique - résultats
Vous n’avez pas pris ce quiz